000 00311nam a2200133Ia 4500
008 230917s9999||||xx |||||||||||||| ||und||
040 _e152673
_aMAIN
041 _aEnglish
082 _a514 J254T
100 _aJanich, Klaus
245 0 _aTopology
260 _aNew York
_bSpringer-Verlag
_c1984
942 _cBK
999 _c142852
_d142852